Sports Quiz

Random Sports or Tennis Quiz

Australian Open Champs Quiz Stats

 Plays Quiz Updated Feb 20, 2021

     
Support Sporcle.
Go Orange.
Score 0/106 Timer 10:00
0 Plays Today
Gender Player % Correct
Men'sRoger Federer
97%
Men'sRoger Federer
97%
Men'sRoger Federer
97%
Men'sRoger Federer
96.6%
Men'sRoger Federer
95.9%
Women'sLi Na
95.6%
Men'sNovak Djokovic
95%
Men'sNovak Djokovic
95%
Women'sSerena Williams
94%
Women'sSerena Williams
93.7%
Women'sSerena Williams
92.8%
Women'sSerena Williams
92.8%
Women'sSerena Williams
92.8%
Men'sNovak Djokovic
92.1%
Men'sNovak Djokovic
91.5%
Men'sNovak Djokovic
91.4%
Men'sNovak Djokovic
91%
Men'sNovak Djokovic
90.8%
Men'sRafael Nadal
90.5%
Men'sPete Sampras
90.1%
Men'sPete Sampras
90.1%
Men'sAndre Agassi
89.7%
Men'sAndre Agassi
89.7%
Men'sAndre Agassi
89.7%
Men'sAndre Agassi
89.7%
Women'sSerena Williams
88.9%
Men'sNovak Djokovic
82.4%
Women'sSteffi Graf
80.6%
Women'sSteffi Graf
80.6%
Women'sSteffi Graf
80.6%
Women'sSteffi Graf
80.6%
Women'sMartina Navrátilová
75.7%
Women'sMartina Navrátilová
75.7%
Women'sMartina Navrátilová
75.7%
Men'sRoger Federer
74.7%
Women'sNaomi Osaka
73.3%
Gender Player % Correct
Men'sJimmy Connors
72.8%
Women'sMaria Sharapova
72.2%
Women'sSerena Williams
72.1%
Men'sBoris Becker
70.9%
Men'sBoris Becker
70.9%
Men'sRod Laver
69.4%
Men'sIvan Lendl
69.3%
Men'sIvan Lendl
69.3%
Women'sMonica Seles
69%
Women'sMonica Seles
69%
Women'sMonica Seles
69%
Women'sMonica Seles
69%
Women'sMartina Hingis
68.9%
Women'sMartina Hingis
68.9%
Women'sMartina Hingis
68.9%
Women'sChris Evert
67.1%
Women'sChris Evert
67.1%
Men'sStanislas Wawrinka
64.8%
Women'sJustine Henin
64.1%
Men'sNovak Djokovic
61%
Men'sStefan Edberg
60%
Men'sStefan Edberg
60%
Men'sMarat Safin
59.5%
Women'sMargaret Smith Court
59%
Women'sMargaret Smith Court
59%
Women'sMargaret Smith Court
59%
Women'sMargaret Smith Court
59%
Women'sLindsay Davenport
58%
Men'sArthur Ashe
56%
Women'sNaomi Osaka
55.6%
Men'sJim Courier
54.9%
Men'sJim Courier
54.9%
Men'sMats Wilander
52.5%
Men'sMats Wilander
52.5%
Men'sMats Wilander
52.5%
Women'sJennifer Capriati
49.2%
Gender Player % Correct
Women'sJennifer Capriati
49.2%
Women'sVictoria Azarenka
48.3%
Women'sVictoria Azarenka
47.6%
Women'sAngelique Kerber
47.3%
Women'sEvonne Goolagong Cawley
45.2%
Women'sEvonne Goolagong Cawley
45.2%
Women'sEvonne Goolagong Cawley
45.2%
Women'sEvonne Goolagong Cawley
45.2%
Men'sJohn Newcombe
45.1%
Men'sJohn Newcombe
45.1%
Women'sAmélie Mauresmo
44.4%
Women'sCaroline Wozniacki
42.5%
Women'sSofia Kenin
39.9%
Women'sKim Clijsters
38.1%
Men'sGuillermo Vilas
33.3%
Men'sGuillermo Vilas
33.3%
Men'sYevgeny Kafelnikov
33%
Men'sKen Rosewall
32.5%
Men'sKen Rosewall
32.5%
Women'sVirginia Wade
31.7%
Women'sMary Pierce
30.7%
Men'sThomas Johansson
30%
Women'sHana Mandlíková
26.3%
Women'sHana Mandlíková
26.3%
Men'sPetr Korda
24.2%
Men'sRoscoe Tanner
20.4%
Men'sVitas Gerulaitis
19.2%
Men'sJohan Kriek
18.8%
Men'sJohan Kriek
18.8%
Men'sBrian Teacher
16.4%
Men'sMark Edmondson
15.2%
Women'sBarbara Jordan
12.3%
Women'sChristine O'Neil
11.7%
Women'sKerry Melville Reid
11.1%

From the Vault

Tiny Almost Useless Trivia XXI

by sproutcm

Don't judge a trivia by its size.
Remove Ads.
Support Sporcle.
Get the best of Sporcle when you Go Orange. This ad-free experience offers more features, more stats, and more fun while also helping to support Sporcle. Thank you for becoming a member.

Show Comments

Extras

Top Quizzes Today


Score Distribution

Your Account Isn't Verified!

In order to create a playlist on Sporcle, you need to verify the email address you used during registration. Go to your Sporcle Settings to finish the process.

Report this User

Report this user for behavior that violates our Community Guidelines.

Details: